000 00750nam a2200193 a 4500
008 130417s2003 ||||||||||||||||| || u
020 _a1403911355
050 _aLB 2395 Cot
100 _aCottrell, Stella
245 1 4 _aThe study skills handbook. (2nd ed.)
_cby Stella Cottrell
250 _a2nd ed.
260 _aHampshire, New York:
_bPalgrave Macmillan
_c2003
300 _avi, 295p.: ill.
490 _aPalgrave study guides
650 _aRESEARCH--HANDBOOKS, MANUALS, ETC
650 _aTEST-TAKING SKILLS--HANDBOOKS, MANUALS, ETC
650 _aSTUDY SKILLS--HANDBOOKS, MANUALS, ETC
995 _FCBU-MAIN LIBRARY (Kitwe)
_M1
_UAVAILABLE
_WJun 6, 2013
_ZMain Library Open Access Collection
999 _c58999
_d58999